01028nam a2200229Ia 4500008004100000020002800041020001500069050002200084100002900106245007800135260004900213300001800262336001000280337001400290338001200304505025700316519004400573650003700617942000700654952012000661999001700781120720s1999 mx 000 0 spa d a970613474 (colección) a9706134182 aKGF2921bC67 19991 aCoronado, Marianoeautor aElementos de derecho constitucional mexicano (1899)c / Mariano Coronado  aMéxicob : Oxford University Pressc, 1999 a165 páginas atexto asin medio avolumen aDe los derechos del hombre De los mexicanos y de los estranjeros De la soberanía nacional y de la forma de gobierno De los poderes federales De la responsabilidad de los funcionarios públicos De los estados de la federación Prevenciones generales aMaterial complementario / d(03 000144)14aDERECHO CONSTITUCIONALzMÉXICO cLB 00102lcc3v.14070a03b03d2001-05-15l2oKGF2921 C67 1999p03 000144r2016-07-04s2015-08-06t1w2012-07-20yLB c78525d78525